000 00233nam a2200097Ia 4500
001 683058
005 20250826161430.0
008 250824s9999 xx 000 0 und d
245 0 _aHEBA
_cHASAN ALİ TOPTAŞ
260 _bEVEREST YAYINLARI
999 _c683058
_d683058